| 000 | 00707nam a22002172 4500 | ||
|---|---|---|---|
| 001 | 0000006934 | ||
| 005 | 20151217152018.0 | ||
| 008 | 071027s xx 000 0 eng d | ||
| 020 |
_a0853647070 : _cKES 350 |
||
| 040 |
_aKABU _cKABU |
||
| 100 | 1 |
_aGreenlee, J. Harold. _@0000157916 |
|
| 245 | 1 | 0 |
_aIntroduction to New Testament textual criticism / _cJ. Harold Greenlee. |
| 250 | _aRev. ed. | ||
| 260 |
_aPeabody, MASS. : _bHendrickson, _c1995. |
||
| 300 | _axiii, 160 p. | ||
| 650 | 0 |
_aBible . N. T. _xCriticism, Textual. _@0000157917 |
|
| 852 | 1 | _9p750 KES | |
| 908 | _a071027 | ||
| 950 | _@1 | ||
| 999 |
_c7313 _d7313 |
||